000 00791nam a2200229Ia 4500
003 OSt
005 20220923220418.0
006 a|||||r|||| 00| 0
007 ta
008 220922b |||||||| |||| 00| 0 hin d
024 _a186,465
037 _cTextual
040 _aARTS
_cARTS
_bhin
041 _2hin
_ahin
082 _aY:1.2.A, L3-;1
100 _aगैरोला, वाचस्पति
_9156292
245 0 _aभारतीय संस्कृति और कला
246 _aBhāratīya sanskṛuti aur kalā
260 _aलखनऊ
_b उत्तर प्रदेश हिन्दी ग्रंथ अकादमी
_c1973
942 _hY:1.2.A, L3-;1
_cTEXL
_2CC
999 _c339708
_d339708